Los giróvagos del numen : cien sonetos /
Shranjeno v:
| Glavni avtor: | |
|---|---|
| Format: | Neznan |
| Jezik: | Spanish |
| Izdano: |
San José, Costa Rica :
[editor no identificado],
1961.
|
| Teme: | |
| Oznake: |
Označite
Brez oznak, prvi označite!
|
MARC
| LEADER | 000000000a22000000004500 | ||
|---|---|---|---|
| 001 | 003327 | ||
| 041 | 0 | |a spa | |
| 082 | 0 | 4 | |a CR861.4 |b A663g |
| 100 | 1 | |a Araya López, Carlomagno | |
| 245 | 1 | 4 | |a Los giróvagos del numen : |b cien sonetos / |c Carlomagno Araya López. |
| 260 | 1 | |a San José, Costa Rica : |b [editor no identificado], |c 1961. | |
| 300 | |a 113 páginas : |b ilustraciones ; |c 21 cm. | ||
| 650 | 4 | |a LITERATURA COSTARRICENSE | |
| 650 | 4 | |a POESIA | |
| 999 | |c 9571 |d 9571 | ||
| 942 | |c BK |h CR861.4 A663g |2 z | ||
